[Event "Swedish Elitserien 2021-22"]
[Site "Sodertalje"]
[Date "2022.05.13"]
[Round "7.15"]
[White "Grandell, Anders"]
[Black "Renman, Nils-Gustaf"]
[Result "1/2-1/2"]
[WhiteElo "2275"]
[BlackElo "2313"]
[Annotator "TA"]
[PlyCount "75"]
[EventDate "2022.05.13"]
[EventType "team-tourn"]
[EventCountry "SWE"]
[SourceTitle "playchess.com"]
[Source "ChessBase"]
[SourceQuality "1"]

{[%evp 19,75,0,-4,-45,-4,-61,-66,-66,-67,-77,-37,-59,-61,-72,-62,-62,-23,-56,0,0,0,0,10,27,14,7,2,0,124,129,139,139,139,128,128,119,139,56,60,26,30,35,193,0,0,0,0,0,0,0,0,0,0,0,0,-10,-10,-22]} 1. d4 {[%emt 0:00:02]} d5 {[%emt 0:00:35]} 2. c4 {[%emt 0:00:05]} c6 {[%emt 0:00:15]} 3. Nc3 {[%emt 0:00:06]} Nf6 {[%emt 0:00:09]} 4. Nf3 {[%emt 0:00:04]} e6 {[%emt 0:01:26]} 5. Bg5 {[%emt 0:00:06][%cal Bc1g5,Bg5h4,Bh4g3][%mdl 32]} h6 {[%emt 0:02:36]} 6. Bh4 {[%emt 0:00:16]} dxc4 {[%emt 0:00:47]} 7. e4 {[%emt 0:00:10]} g5 {[%emt 0:00:41]} 8. Bg3 {[%emt 0:00:07]} b5 {[%emt 0:00:16][%cal Bb7b5,Bb5b4][%mdl 32]} 9. Be2 {[%emt 0:00:30]} Nbd7 {[%emt 0:00:52]} 10. O-O {[%emt 0:09:51]} Bb7 {[%emt 0:00:35]} 11. h4 {[%emt 0:01:05] D43: Semi-Slav: 5 Bg5 h6.} b4 {[%emt 0:03:41]} 12. Na4 {[%emt 0:20:38]} ({White should try} 12. e5 $1 $11) 12... Nxe4 $15 {[%emt 0:00:25]} 13. Bxc4 {[%emt 0:07:58] [#] Black is slightly better.} Nxg3 $146 {[%emt 0:06:07]} ({Predecessor:} 13... g4 14. Ne5 Nxg3 15. fxg3 Nxe5 16. dxe5 Qxd1 17. Raxd1 Be7 18. Rf4 h5 19. Rfd4 Rd8 20. Rxd8+ Bxd8 {0-1 (55) Jimenez Martinez,J (2256)-Bordi,K (2288) Chess.com INT 2019}) 14. fxg3 {[%emt 0:00:08]} Qc7 {[%emt 0:02:44]} 15. Qe2 {[%emt 0:13:57][%cal Oc4e6]} O-O-O {[%emt 0:01:14]} 16. Rac1 {[%emt 0:01:39]} Kb8 {[%emt 0:01:44]} (16... Qxg3 17. Bb5 Qc7 18. d5 exd5 19. Bxc6 Bxc6 20. Nd4 $11 (20. Qa6+ Qb7 $17)) 17. Ba6 {[%emt 0:04:07]} Bd6 {[%emt 0:12:20]} (17... Qxg3 18. Bxb7 Kxb7 19. Rxc6 Kxc6 20. Qa6+ Nb6 21. Ne5+ Kd5 22. Qb7+ Kxd4 23. Nc6+ Ke4 24. Nxb4+ (24. Nxd8+ Nd5 $16) 24... Rd5 25. Nc3+ Ke3 26. Nbxd5+ exd5 27. Rf3+ Qxf3 28. gxf3 $18) 18. Nd2 {[%emt 0:25:24] Pair of Knights!} Nb6 {[%emt 0:08:51]} (18... Bxa6 $15 19. Qxa6 Nb6) 19. Bxb7 $11 {[%emt 0:01:13]} Qxb7 {[%emt 0:00:55]} 20. Nc5 {[%emt 0:01:09]} Bxc5 {[%emt 0:06:57]} (20... Qe7 $5 {[%cal Rg5h4]}) 21. dxc5 {[%emt 0:00:06][%cal Bd4c5,Bc5d6][%mdl 32]} Nd5 {[%emt 0:00:33]} 22. Nc4 {[%emt 0:00:31] next Qe5+ is good for White.} f6 {[%emt 0:10:47] Against Qe5+} 23. Nd6 {[%emt 0:02:37] Against Qb5} Rxd6 {[%emt 0:02:14]} 24. cxd6 $16 {[%emt 0:00:03]} Qd7 {[%emt 0:02:17]} 25. Qc4 $36 {[%emt 0:04:24][%mdl 2048] White has strong initiative.} Kb7 {[%emt 0:01:05]} 26. Qc5 {[%emt 0:00:05]} Rd8 {[%emt 0:00:19]} 27. Rcd1 {[%emt 0:00:19] White is more active.} f5 {[%emt 0:01:25]} 28. a3 {[%emt 0:05:41]} (28. hxg5 $16 hxg5 29. g4) 28... Qxd6 $14 {[%emt 0:00:26]} 29. axb4 {[%emt 0:00:05][%cal Og3g4] Black must now prevent g4!} Qxg3 {[%emt 0:04:31]} 30. b5 {[%emt 0:00:36]} Rc8 {[%emt 0:00:48] [#]} (30... Qd6 $14 31. bxc6+ Qxc6 32. Qxc6+ Kxc6) 31. bxc6+ $2 {[%emt 0:01:38] Dancing on a razor blade.} (31. Rfe1 $18 cxb5 32. Qxb5+ Ka8 33. Ra1 (33. Rc1 $2 Rxc1 34. Qe8+ Kb7 $19)) 31... Rxc6 $11 {[%emt 0:00:51] The position is equal.} 32. Qb5+ {[%emt 0:00:02]} Rb6 {[%emt 0:00:55]} 33. Qd7+ {[%emt 0:00:14]} Qc7 {[%emt 0:06:25]} 34. Rxd5 {[%emt 0:00:10]} exd5 {[%emt 0:00:15]} 35. Qxd5+ {[%emt 0:00:04]} Qc6 {[%emt 0:01:07]} 36. Qxc6+ {[%emt 0:01:00]} Kxc6 {[%emt 0:01:54]} 37. hxg5 {[%emt 0:00:06]} hxg5 {[%emt 0:00:11] And now ...Rb5 would win.} 38. Rxf5 {[%emt 0:00:09] Weighted Error Value: White=0.21 (precise) /Black=0.24 (precise)} 1/2-1/2

[Event "Swedish Elitserien 2021-22"]
[Site "Sodertalje"]
[Date "2022.05.13"]
[Round "7.16"]
[White "Thorn, Eric"]
[Black "Bellon Lopez, Juan Manuel"]
[Result "1/2-1/2"]
[WhiteElo "2382"]
[BlackElo "2321"]
[Annotator "TA"]
[PlyCount "66"]
[EventDate "2022.05.13"]
[EventType "team-tourn"]
[EventCountry "SWE"]
[SourceTitle "playchess.com"]
[Source "ChessBase"]
[SourceQuality "1"]

{[%evp 22,66,53,25,62,35,45,23,60,23,29,23,22,21,15,15,17,18,8,8,8,0,4,0,0,0,16,10,12,0,0,0,0,0,8,8,8,8,8,8,8,0,8,0,8,0,16]} 1. d4 {[%emt 0:01:20]} Nf6 {[%emt 0:00:36]} 2. c4 {[%emt 0:02:14]} c5 {[%emt 0:00:26]} 3. d5 {[%emt 0:00:07]} b5 {[%emt 0:00:22]} 4. cxb5 {[%emt 0:01:36]} a6 {[%emt 0:00:07]} 5. Nc3 {[%emt 0:03:51]} d6 {[%emt 0:01:50]} 6. e4 {[%emt 0:01:45]} g6 {[%emt 0:02:36]} 7. Nf3 {[%emt 0:02:09]} Bg7 {[%emt 0:00:12]} 8. bxa6 {[%emt 0:03:21]} O-O {[%emt 0:01:16]} 9. Be2 {[%emt 0:01:47]} Bxa6 {[%emt 0:00:18]} 10. O-O {[%emt 0:00:08]} Nbd7 {[%emt 0:03:43]} 11. h3 {[%emt 0:02:45]} Qb6 {[%emt 0:04:07]} 12. Rb1 {[%emt 0:08:12]} Rfb8 {[%emt 0:06:46] A58: Benko/Volga Gambit: Lines with 5 bxa6.} 13. Re1 {[%emt 0:09:06]} Ne8 {[%emt 0:02:19] [#] White must now prevent ...Bxc3.} 14. Bd2 {[%emt 0:06:54]} Nc7 {[%emt 0:07:03] [#] White has an edge.} 15. Bxa6 $146 {[%emt 0:02:49]} ({Predecessor:} 15. Na4 Qa7 16. b3 Bxe2 17. Qxe2 Nb5 18. Rbc1 Ne5 19. Nxe5 Bxe5 20. Be3 Qa5 21. Red1 {0-1 (51) Sbarra,M (2309)-Manfredi,V (2172) Torino 2010}) 15... Qxa6 {[%emt 0:04:27]} 16. a4 {[%emt 0:13:45] Inhibits Nb5.} c4 {[%emt 0:12:25]} 17. Be3 {[%emt 0:05:13] The position is equal.} Rxb2 {[%emt 0:04:23][%mdl 64] Remove Defender, Decoy} 18. Rxb2 {[%emt 0:01:36]} Bxc3 {[%emt 0:00:09] [#]} 19. Rc2 {[%emt 0:09:43]} Bxe1 {[%emt 0:00:15]} 20. Qxe1 {[%emt 0:01:21] Black should prevent Qc1.} Ne8 {[%emt 0:12:31]} 21. Qb4 {[%emt 0:08:20]} Qxa4 {[%emt 0:10:04]} 22. Qxc4 {[%emt 0:03:11]} Qxc4 {[%emt 0:04:32]} 23. Rxc4 {[%emt 0:00:06]} Ne5 {[%emt 0:01:16]} 24. Nxe5 {[%emt 0:03:49]} dxe5 $11 {[%emt 0:00:08][%mdl 4096] Endgame KRB-KRN} 25. f4 {[%emt 0:01:47]} Ra1+ {[%emt 0:12:00]} 26. Kf2 {[%emt 0:01:22]} Nd6 {[%emt 0:00:23] Inhibits Rc8+.} 27. Rb4 {[%emt 0:00:02]} f6 {[%emt 0:03:03]} 28. fxe5 {[%emt 0:01:01]} fxe5 {[%emt 0:00:05]} 29. Bc5 {[%emt 0:02:27]} Ra2+ {[%emt 0:00:38]} 30. Kf3 {[%emt 0:00:32]} Ra3+ {[%emt 0:01:12]} 31. Kf2 {[%emt 0:00:02] Threatens to win with Rb8+.} Ra2+ {[%emt 0:00:36]} 32. Kf3 {[%emt 0:01:40]} Ra3+ {[%emt 0:00:59]} 33. Kf2 {[%emt 0:00:05] Strongly threatening Rb8+.} Ra2+ {[%emt 0:01:02] Weighted Error Value: White=0.07 (flawless) /Black=0.06 (flawless)} 1/2-1/2

[Event "Swedish Elitserien 2021-22"]
[Site "Sodertalje"]
[Date "2022.05.13"]
[Round "7.17"]
[White "Eriksson, Johan"]
[Black "Solodovnichenko, Yuri"]
[Result "1/2-1/2"]
[WhiteElo "2385"]
[BlackElo "2499"]
[Annotator "TA"]
[PlyCount "82"]
[EventDate "2022.05.13"]
[EventType "team-tourn"]
[EventCountry "SWE"]
[SourceTitle "playchess.com"]
[Source "ChessBase"]
[SourceQuality "1"]

{[%evp 14,82,33,28,49,48,45,31,68,46,67,83,95,24,49,42,102,33,31,0,0,0,0,-12,0,-12,0,-16,122,108,113,124,126,123,133,126,116,106,109,67,81,67,139,23,22,-234,-19,-19,-16,-16,-16,-16,-16,-29,0,0,0,0,0,0,0,0,0,0,0,0,0,0,0,0,0]} 1. c4 {[%emt 0:00:02]} e6 {[%emt 0:01:38]} 2. g3 {[%emt 0:00:21]} d5 {[%emt 0:00:25]} 3. Bg2 {[%emt 0:00:09]} Nf6 {[%emt 0:00:50]} 4. Nf3 {[%emt 0:00:13]} Be7 {[%emt 0:04:14]} 5. O-O {[%emt 0:00:10]} O-O {[%emt 0:00:08]} 6. b3 {[%emt 0:01:07]} a5 {[%emt 0:03:32] 6...d4 gains popularity.} 7. Nc3 {[%emt 0:02:35]} Nbd7 {[%emt 0:12:35]} 8. Bb2 {[%emt 0:02:23]} Nb6 {[%emt 0:04:07] A14: English Opening: 1...e6 with b3 by White.} 9. d3 {[%emt 0:05:52]} a4 {[%emt 0:01:14]} 10. Rb1 {[%emt 0:06:34]} (10. Nxa4 Nxa4 11. bxa4 dxc4 $11) 10... Re8 {[%emt 0:04:42] White is slightly better.} 11. Qc2 {[%emt 0:04:20] [#]} (11. Nxa4 Nxa4 12. bxa4 dxc4 $11) 11... a3 $146 {[%emt 0:07:03]} ({Predecessor:} 11... Bf8 12. e4 c5 13. e5 Nfd7 14. Bc1 axb3 15. Qxb3 d4 16. Ne4 h6 17. h4 Ra6 {1-0 (30) Medina,M (2350)-Pazos Gambarrotti,P (2365) Ecuador 1999}) 12. Ba1 {[%emt 0:00:18]} Bf8 {[%emt 0:00:56]} 13. e3 {[%emt 0:07:29]} ({White should play} 13. e4 $16) 13... c6 {[%emt 0:03:44]} 14. e4 {[%emt 0:04:06]} Qc7 {[%emt 0:15:32]} (14... dxc4 $14 15. dxc4 (15. bxc4 e5 $14) 15... e5) 15. Rfe1 {[%emt 0:09:16]} ({White should try} 15. e5 $16 Nfd7 16. Qe2 (16. d4 dxc4 17. Ng5 g6 $11)) 15... dxc4 $14 {[%emt 0:04:12]} 16. bxc4 {[%emt 0:01:24]} e5 {[%emt 0:00:14]} 17. Nd1 {[%emt 0:03:27][%cal Bc3d1,Bd1e3,Be3f1][%mdl 32]} Na4 {[%emt 0:05:15]} 18. Ne3 {[%emt 0:05:38]} Nc5 {[%emt 0:03:06]} 19. Rbd1 {[%emt 0:08:02]} Ng4 {[%emt 0:01:39]} 20. Nf1 {[%emt 0:00:43]} Nf6 {[%emt 0:04:38]} (20... f6 $11 {keeps the balance.}) 21. Nxe5 {[%emt 0:05:29]} Rxe5 {[%emt 0:08:56]} 22. Bxe5 {[%emt 0:00:16]} Qxe5 {[%emt 0:00:01]} 23. d4 {[%emt 0:00:10]} Qh5 {[%emt 0:01:14][%cal Oc8g4]} 24. dxc5 {[%emt 0:02:01]} Be6 {[%emt 0:00:02]} 25. Rd2 {[%emt 0:07:19]} Bxc5 {[%emt 0:01:57]} 26. Red1 {[%emt 0:06:18] Rd8+ is the strong threat.} Rf8 $1 {[%emt 0:00:49]} 27. Rd8 {[%emt 0:01:57]} Ng4 {[%emt 0:00:04]} (27... Qe5 $14) 28. Rxf8+ {[%emt 0:00:20]} (28. Bf3 $16) 28... Kxf8 $11 {[%emt 0:00:01]} 29. Rd8+ {[%emt 0:02:15]} (29. Bf3 $5 {[%cal Rd1d8]} Bxf2+ 30. Kg2 $14 (30. Qxf2 Nxf2 31. Bxh5 Nxd1 $17)) 29... Ke7 {[%emt 0:00:03]} 30. Rd2 {[%emt 0:01:12] Strongly threatening Bf3.} Bxf2+ {[%emt 0:03:35]} 31. Rxf2 {[%emt 0:01:30]} Qc5 {[%emt 0:00:02][%mdl 64] [#] Pin, Double Attack} 32. h3 {[%emt 0:00:49]} Nxf2 {[%emt 0:00:12]} 33. Qxf2 {[%emt 0:00:10]} Qxc4 {[%emt 0:01:21]} 34. Qb6 {[%emt 0:05:43] The position is equal.} Qb5 {[%emt 0:01:39]} 35. Qc7+ {[%emt 0:01:11]} Ke8 {[%emt 0:02:05]} 36. e5 {[%emt 0:02:13] aiming for Nd2.} Qb4 {[%emt 0:01:29] Inhibits Nd2.} 37. Kh2 {[%emt 0:02:43]} Bxa2 {[%emt 0:00:31]} 38. Qc8+ {[%emt 0:01:02]} Ke7 39. Qc7+ {[%emt 0:00:10]} Ke8 {[%emt 0:01:22] [#] Hoping for ...Be6.} 40. Qc8+ {[%emt 0:00:14]} Ke7 {[%emt 0:00:03] Threatens to win with ...Be6.} 41. Qc7+ {[%emt 0:01:10]} Ke8 {[%emt 0:02:35] Weighted Error Value: White=0.28 (precise) /Black=0.20 (precise)} 1/2-1/2

[Event "Swedish Elitserien 2021-22"]
[Site "Sodertalje"]
[Date "2022.05.13"]
[Round "7.18"]
[White "Golubka, Petro"]
[Black "Von Bahr, Oskar"]
[Result "1/2-1/2"]
[WhiteElo "2380"]
[BlackElo "2373"]
[Annotator "TA"]
[PlyCount "47"]
[EventDate "2022.05.13"]
[EventType "team-tourn"]
[EventCountry "SWE"]
[SourceTitle "playchess.com"]
[Source "ChessBase"]
[SourceQuality "1"]

{[%evp 15,47,21,19,-8,46,45,42,41,46,16,16,19,26,23,49,45,54,0,0,0,0,0,0,-4,-10,0,0,0,0,-61,-50,-73,-60,-58]} 1. e4 {[%emt 0:03:49]} e5 {[%emt 0:00:08]} 2. Nf3 {[%emt 0:00:26]} Nc6 {[%emt 0:00:06]} 3. Bb5 {[%emt 0:00:04][%cal Bf1b5,Bb5a4,Ba4b3,Bb3d5][%mdl 32]} a6 {[%emt 0:00:33]} 4. Ba4 {[%emt 0:00:06]} Nf6 {[%emt 0:00:05]} 5. d3 {[%emt 0:00:19]} b5 {[%emt 0:02:29]} 6. Bb3 {[%emt 0:00:08]} Be7 {[%emt 0:01:43]} 7. a4 $1 {[%emt 0:00:17][%mdl 4] is more profitable than 7.0-0 at the moment.} b4 {[%emt 0:02:02]} 8. O-O {[%emt 0:00:15]} O-O {[%emt 0:00:15]} 9. Bd5 {[%emt 0:03:29] C84: Closed Ruy Lopez: Unusual White 6th moves.} Bd6 {[%emt 0:16:16]} (9... Nxd5 $11 10. exd5 Na5) 10. Bg5 $14 {[%emt 0:11:08]} h6 {[%emt 0:04:09]} 11. Bh4 {[%emt 0:06:54] White is slightly better.} g5 {[%emt 0:05:17]} 12. Bg3 {[%emt 0:00:08]} (12. Bxc6 $5 dxc6 13. Bg3 $11) 12... Nxd5 {[%emt 0:04:04]} 13. exd5 {[%emt 0:00:08]} Ne7 {[%emt 0:00:17] [#]} 14. c4 $146 {[%emt 0:25:31]} ({Predecessor:} 14. Nxe5 Bxe5 15. Bxe5 f6 16. Bg3 Nxd5 17. c3 Rb8 18. c4 Ne7 19. Re1 Nf5 20. Qh5 Kg7 21. Nd2 d6 22. Nf1 Bd7 {½-½ (22) Urban,K (2377)-Spitzl,V (2279) Willingen 2017}) 14... bxc3 {[%emt 0:06:38]} 15. Nxc3 {[%emt 0:02:02]} Bb7 {[%emt 0:11:43]} 16. Nxe5 {[%emt 0:04:33]} ({White should try} 16. Qb3 $14 Rb8 17. Qc4) 16... f5 $1 $11 {[%emt 0:05:41] [#] ...f4 is the strong threat.} ({Much less strong is} 16... Nxd5 17. Ng4 $16) 17. f4 {[%emt 0:07:36] Strongly threatening fxg5.} Bxe5 {[%emt 0:00:53]} 18. fxe5 {[%emt 0:00:07] And now d6 would win.} Bxd5 {[%emt 0:00:50]} 19. b4 {[%emt 0:02:56]} Be6 {[%emt 0:03:12]} 20. Bf2 {[%emt 0:01:46]} Nd5 {[%emt 0:01:30]} 21. Nxd5 {[%emt 0:00:27]} Bxd5 {[%emt 0:00:04]} 22. Bc5 {[%emt 0:03:30]} (22. Qc2 $11) 22... Rf7 $1 $15 {[%emt 0:00:29]} 23. Qh5 {[%emt 0:00:19][%cal Of1f5] [#] aiming for Rxf5!} Kh7 {[%emt 0:02:11]} 24. Rae1 {[%emt 0:01:45] Weighted Error Value: White=0.19 (very precise) /Black=0.06 (flawless)} 1/2-1/2

[Event "Swedish Elitserien 2021-22"]
[Site "Sodertalje"]
[Date "2022.05.13"]
[Round "7.19"]
[White "Lyrberg, Patrik"]
[Black "Hillarp Persson, Tiger"]
[Result "0-1"]
[WhiteElo "2453"]
[BlackElo "2512"]
[Annotator "TA"]
[PlyCount "108"]
[EventDate "2022.05.13"]
[EventType "team-tourn"]
[EventCountry "SWE"]
[SourceTitle "playchess.com"]
[Source "ChessBase"]
[SourceQuality "1"]

{[%evp 14,108,-8,-14,35,-7,-16,-20,12,7,14,15,10,3,16,-2,18,0,0,-30,-27,-25,-29,-47,-44,-70,-68,-77,-28,-87,-75,-77,-76,-77,-71,-85,-85,-85,-85,-85,-80,-97,-87,-94,-94,-94,-93,-91,-81,-125,-126,-134,-88,-111,-105,-95,-66,-80,-78,-77,-75,-239,-179,-498,-464,-581,-552,-593,-391,-522,-543,-513,-437,-638,-567,-627,-625,-569,-543,-606,-660,-659,-615,-628,-594,-547,-533,-658,-614,-2483,-2044,-1911,-1758,-1308,-1306,-5173,-2687]} 1. d4 {[%emt 0:00:06]} Nf6 {[%emt 0:00:13]} 2. c4 {[%emt 0:00:16]} e6 {[%emt 0:01:49]} 3. Nc3 {[%emt 0:00:25]} Bb4 {[%emt 0:00:07]} 4. e3 {[%emt 0:00:32]} O-O {[%emt 0:00:29]} 5. Bd3 {[%emt 0:00:30]} d5 {[%emt 0:00:18]} 6. Nge2 {[%emt 0:00:55]} dxc4 {[%emt 0:03:14]} 7. Bxc4 {[%emt 0:00:06]} c5 {[%emt 0:02:46]} 8. a3 {[%emt 0:04:21]} cxd4 {[%emt 0:01:29] E48: Nimzo-Indian: Rubinstein: 5 Bd3 d5 including 6 Ne2, but excluding 6 a3.} (8... Bxc3+ $11 {might be stronger.} 9. bxc3 (9. Nxc3 cxd4 10. exd4 Nc6 $11) 9... Qc7) 9. exd4 {[%emt 0:00:06]} Bd6 {[%emt 0:02:25] has lost popularity (9...Bxc3+).} 10. Qd3 {[%emt 0:01:28]} Nc6 {[%emt 0:02:35] The position is equal.} 11. Bg5 {[%emt 0:03:13] [#]} h6 $146 {[%emt 0:03:17]} ({Predecessor:} 11... Be7 12. Rd1 Qa5 13. Qd2 a6 14. Ba2 b5 15. Bxf6 Bxf6 16. Ne4 Qxd2+ 17. Rxd2 Rd8 {½-½ (26) Milanovic,D (2500)-Pap,M (2505) Ruma 2017}) 12. Bh4 {[%emt 0:16:37]} Be7 {[%emt 0:00:58]} 13. Rd1 {[%emt 0:14:26]} Qb6 {[%emt 0:23:34]} 14. b4 {[%emt 0:20:43]} Rd8 {[%emt 0:03:33]} 15. Bg3 {[%emt 0:00:07] Against Ne5} (15. O-O {with more complications.} Nd5 16. Na4 Qc7 17. Bg3) 15... Bd6 {[%emt 0:16:02]} 16. O-O {[%emt 0:04:02]} Bxg3 {[%emt 0:01:21]} 17. Qxg3 {[%emt 0:00:04] Strongly threatening Na4.} ({Wrong is} 17. fxg3 $2 Ne5 18. Na4 Qc7 19. dxe5 Rxd3 20. Bxd3 Qxe5 $19) 17... Ne7 {[%emt 0:01:41]} ({Resist} 17... Nxd4 18. Na4 Qc6 19. Nxd4 $14) 18. Qe5 {[%emt 0:22:05]} Bd7 {[%emt 0:04:57]} 19. d5 {[%emt 0:01:11]} exd5 {[%emt 0:05:42] aiming for ...Ng6.} 20. Bd3 {[%emt 0:02:11]} ({Not} 20. Nxd5 $2 Nexd5 21. Rxd5 Nxd5 22. Qxd5 Be6 $19) 20... Be6 {[%emt 0:07:30]} (20... Re8 $17) 21. Nd4 {[%emt 0:02:20] [#]} (21. Na4 $11 Qd6 22. Qxd6 Rxd6 23. Nc5) 21... Nc6 $1 $17 {[%emt 0:01:19]} 22. Nxc6 {[%emt 0:00:03]} bxc6 {[%emt 0:00:54]} 23. Na4 {[%emt 0:00:50]} Qb8 {[%emt 0:00:20]} 24. Qd4 {[%emt 0:00:35]} a5 {[%emt 0:00:44] Hoping for ...axb4.} 25. Nc5 {[%emt 0:00:19]} axb4 {[%emt 0:01:09]} 26. axb4 {[%emt 0:00:05]} Nd7 {[%emt 0:00:52]} 27. f4 {[%emt 0:00:55]} Nxc5 {[%emt 0:02:27]} 28. bxc5 {[%emt 0:00:03]} f6 {[%emt 0:00:14]} 29. Rb1 {[%emt 0:00:25]} Qc8 {[%emt 0:00:50]} 30. Rb6 {[%emt 0:00:10]} Re8 {[%emt 0:01:26]} 31. Bg6 {[%emt 0:02:48]} Bf7 {[%emt 0:02:33]} 32. Bc2 {[%emt 0:00:06]} Ra2 {[%emt 0:00:56]} ({Black should try} 32... Kh8 33. Bb1 Re7) 33. Qd3 {[%emt 0:00:14]} Kf8 {[%emt 0:01:40][%cal Od5d4]} 34. h3 {[%emt 0:01:43]} Qe6 {[%emt 0:00:27]} 35. Bb1 {[%emt 0:02:34]} Re2 {[%emt 0:03:08][%cal Ba2e2,Be2e3,Be3e7][%mdl 32]} 36. Kh2 {[%emt 0:00:28]} d4 {[%emt 0:00:52]} 37. Rf3 $2 {[%emt 0:01:04] Now White is beyond hope.} (37. Qxd4 $17 {was worth a try.} Qd5 38. Qxd5 Bxd5 39. Rg1) 37... Re3 {[%emt 0:01:16]} 38. Qd1 {[%emt 0:00:50]} (38. Qf5 {is tougher.}) 38... Qd5 {[%emt 0:00:39] White must now prevent ...Bh5.} 39. Rf2 {[%emt 0:00:40]} Qxc5 {[%emt 0:00:46]} 40. Rb7 {[%emt 0:00:12]} R3e7 {[%emt 0:01:08] Against Rd7} 41. Rfb2 {[%emt 0:01:21]} Qd6 {[%emt 0:01:17] Black is clearly winning.} 42. Qf3 {[%emt 0:03:51]} Bd5 {[%emt 0:10:06]} 43. Qg4 {[%emt 0:01:10]} (43. Qg3 $142) 43... Rxb7 $19 {[%emt 0:06:15]} 44. Rxb7 {[%emt 0:00:20][%csl Gb7][%cal Rg4g7] [#]} g5 {[%emt 0:00:05][%cal Bg7g5,Bg5f4,Bf4f3][%mdl 32]} 45. Bg6 {[%emt 0:09:58]} Re7 {[%emt 0:02:46]} 46. Qc8+ {[%emt 0:02:15]} Kg7 $1 {[%emt 0:00:07]} 47. Rxe7+ {[%emt 0:00:13]} Qxe7 {[%emt 0:00:07][%mdl 4096] Endgame KQB-KQB} 48. Bd3 {[%emt 0:00:08]} gxf4 {[%emt 0:05:47]} 49. Qg4+ {[%emt 0:00:42]} Kf8 {[%emt 0:00:45]} 50. Qc8+ {[%emt 0:02:03]} Qe8 {[%emt 0:00:27]} 51. Qc7 {[%emt 0:00:23]} f3 {[%emt 0:02:08]} 52. Qd6+ {[%emt 0:04:30]} Qe7 {[%emt 0:02:04]} 53. Qb8+ {[%emt 0:00:09]} Kf7 {[%emt 0:00:09]} 54. Bh7 {[%emt 0:03:17]} Qe5+ {[%emt 0:00:20] Weighted Error Value: White=0.40/Black=0.15 (very precise)} 0-1

[Event "Swedish Elitserien 2021-22"]
[Site "Sodertalje"]
[Date "2022.05.13"]
[Round "7.20"]
[White "Rydstrom, Tom"]
[Black "Glimbrant, Torbjorn"]
[Result "1/2-1/2"]
[WhiteElo "2300"]
[BlackElo "2219"]
[Annotator "TA"]
[PlyCount "87"]
[EventDate "2022.05.13"]
[EventType "team-tourn"]
[EventCountry "SWE"]
[SourceTitle "playchess.com"]
[Source "ChessBase"]
[SourceQuality "1"]

{[%evp 12,87,0,0,0,0,0,0,0,0,0,-34,-22,-69,-42,-63,-55,-72,-43,-69,-71,-86,-54,-55,-55,-58,-64,-91,-42,-41,-36,-50,-28,-28,-28,-51,-51,-76,-96,-83,-71,-69,-81,-70,-98,-82,-88,-78,-15,-11,0,-4,0,0,0,0,0,0,63,63,49,56,128,162,145,148,148,148,128,0,0,-2,0,0,0,-12,0,-233]} 1. e4 e6 {[%emt 0:00:15]} 2. Nf3 {[%emt 0:00:36]} d5 {[%emt 0:00:19]} 3. exd5 {[%emt 0:00:12]} exd5 {[%emt 0:00:08]} 4. d4 {[%emt 0:00:04]} Nf6 {[%emt 0:02:25]} 5. Be2 {[%emt 0:00:22]} Bd6 {[%emt 0:00:41]} 6. O-O {[%emt 0:00:18]} O-O {[%emt 0:00:35]} 7. Bg5 {[%emt 0:01:19]} h6 {[%emt 0:04:43] C01: French: Exchange Variation.} 8. Bh4 {[%emt 0:00:15]} Bg4 {[%emt 0:01:18]} 9. Nbd2 {[%emt 0:04:23]} Nbd7 {[%emt 0:04:21][%cal Bb8d7,Bd7b6,Bb6d5][%mdl 32]} 10. c4 {[%emt 0:12:22]} c6 {[%emt 0:09:02] [#]} 11. Rc1 $146 {[%emt 0:14:11][%cal Of3e5]} ({Predecessor:} 11. cxd5 cxd5 12. Rc1 Qb6 13. Nb3 Ne4 14. Nfd2 Bxe2 15. Qxe2 Rfe8 16. Qg4 Nf8 17. Rc2 {0-1 (27) Wagner,F-Borchers,H DESC email 2007}) 11... Re8 {[%emt 0:04:46]} 12. Bd3 {[%emt 0:01:49]} (12. cxd5 $11 {is superior.} cxd5 13. h3) 12... dxc4 {[%emt 0:07:11]} 13. Bxc4 {[%emt 0:02:05]} Nb6 {[%emt 0:00:42]} 14. Bd3 {[%emt 0:03:12]} Nbd5 {[%emt 0:03:44]} (14... Bf4 $5 {[%cal Rg4f3]} 15. Rc5 Nbd5 $15) 15. Qb3 {[%emt 0:15:32]} Qb6 {[%emt 0:05:56]} 16. Rfe1 {[%emt 0:20:42]} Qxb3 {[%emt 0:09:10]} 17. Nxb3 {[%emt 0:01:08]} Bf4 {[%emt 0:15:20]} 18. Rxe8+ {[%emt 0:05:58]} Rxe8 {[%emt 0:00:38]} 19. Re1 {[%emt 0:00:20]} Rxe1+ {[%emt 0:07:24]} (19... Bxf3 $17 20. Rxe8+ Nxe8 21. gxf3 Nd6) 20. Nxe1 $15 {[%emt 0:00:02]} b6 {[%emt 0:00:36]} 21. Bg3 {[%emt 0:01:36]} a5 {[%emt 0:03:14]} 22. Bxf4 {[%emt 0:00:43]} Nxf4 {[%emt 0:00:09]} 23. Nd2 {[%emt 0:00:55]} Be2 {[%emt 0:06:34]} 24. Be4 {[%emt 0:05:04]} Nxe4 {[%emt 0:01:35]} 25. Nxe4 $17 {[%emt 0:00:03][%mdl 4096] Endgame [#] KBN-KNN} Ne6 $1 {[%emt 0:02:14]} 26. d5 {[%emt 0:02:31]} cxd5 {[%emt 0:00:13]} 27. Nc3 {[%emt 0:00:10][%csl LRd5,LRe2]} Bc4 {[%emt 0:01:55]} 28. b3 {[%emt 0:01:44]} d4 {[%emt 0:00:15] Hoping for ...Bxb3.} 29. Na4 {[%emt 0:00:39]} Be2 {[%emt 0:02:43]} (29... b5 $17 {Strongly threatening ...Bxb3.} 30. bxc4 bxa4) 30. Nxb6 $11 {[%emt 0:00:36]} Bb5 {[%emt 0:03:40]} 31. Nc4 {[%emt 0:03:34]} Bxc4 {[%emt 0:01:46]} 32. bxc4 {[%emt 0:00:02] KN-KN} Kf8 {[%emt 0:01:24]} 33. Kf1 {[%emt 0:00:28]} Ke7 {[%emt 0:00:32]} 34. Ke2 {[%emt 0:00:27]} Nc5 {[%emt 0:00:19]} (34... Kd6 $11) 35. Nf3 $1 $14 {[%emt 0:00:44]} d3+ {[%emt 0:00:35]} 36. Ke3 {[%emt 0:00:21]} Kd6 {[%emt 0:00:33] Against Ne5} (36... f5 $1 $14) 37. Ne1 $16 {[%emt 0:00:37]} d2 {[%emt 0:00:27]} 38. Kxd2 {[%emt 0:00:03]} Ne4+ {[%emt 0:00:07]} 39. Ke3 {[%emt 0:00:45]} Nc3 {[%emt 0:00:11] [#]} 40. a3 {[%emt 0:01:22]} (40. Nd3 $1 $16) 40... Kc5 $11 {[%emt 0:00:53] The position is equal.} 41. Kd3 {[%emt 0:03:42]} Nd1 {[%emt 0:03:58]} 42. Ke2 {[%emt 0:08:04]} Nc3+ {[%emt 0:00:12]} 43. Kd3 {[%emt 0:00:25]} Nd1 {[%emt 0:00:07][%mdl 1024] Black has compensation.} 44. Ke4 $2 {[%emt 0:04:28] Weighted Error Value: White=0.16 (very precise) /Black=0.14 (very precise)} (44. f3 $11 {and White has nothing to worry.}) 1/2-1/2